[Event "HET"]
[Site "Hamburg"]
[Date "2006.08.20"]
[Round "3.11"]
[White "Urban, Ralf-Dieter"]
[Black "Schulz, Hans-Juergen"]
[Result "1/2-1/2"]
[WhiteElo "1962"]
[BlackElo "2040"]
[PlyCount "124"]
[EventDate "2006.??.??"]
[EventType "swiss"]
[EventRounds "7"]
[EventCountry "GER"]

1. d4 d5 2. e4 e6 3. Be3 dxe4 4. Nc3 Nf6 5. f3 exf3 6. Qxf3 Bb4 7. Bd3 Nc6 8.
Nge2 Bd7 9. O-O h6 10. Ne4 Be7 11. c3 Rf8 12. Nf4 Nxe4 13. Bxe4 Bg5 14. Rfe1
Qe7 15. Ng6 Qd6 16. Nxf8 Qxf8 17. Bxg5 hxg5 18. Bg6 O-O-O 19. Qxf7 Qh8 20. b4
Rg8 21. Re3 Nd8 22. Qe7 Qh6 23. Bf7 g4 24. Re5 Rh8 25. Rh5 Qe3+ 26. Kh1 Qe2 27.
Rg1 Rxh5 28. Bxh5 Bc6 29. h3 Bxg2+ 30. Rxg2 Qf1+ 31. Kh2 Qf4+ 32. Kg1 Qe3+ {(=)
} 33. Kf1 Qf3+ 34. Rf2 Qd3+ 35. Ke1 Qe3+ 36. Kf1 Qxh3+ 37. Ke2 Qxh5 38. Rf8 g3+
39. Ke3 Qd5 40. Qxg7 g2 41. Rg8 g1=Q+ 42. Qxg1 Qxa2 43. Qg5 Qd5 44. Qe7 b5 45.
Rg5 Qh1 46. Qc5 Qe1+ 47. Kf4 Qf1+ 48. Kg4 Qe2+ 49. Kh3 Qf1+ 50. Kg3 Qg1+ 51.
Kf3 Qf1+ 52. Kg4 Qe2+ 53. Kh3 Qf1+ 54. Rg2 Qh1+ 55. Kg3 Qe1+ 56. Rf2 Qg1+ 57.
Kf3 Qd1+ 58. Re2 Qf1+ 59. Ke3 Qc1+ 60. Ke4 Qh1+ 61. Kd3 Qd1+ 62. Rd2 Qb1+
1/2-1/2

[Event "HET"]
[Site "Hamburg"]
[Date "2006.08.20"]
[Round "3.12"]
[White "Keuchen, Michael"]
[Black "Biermann, Helge"]
[Result "1-0"]
[WhiteElo "1993"]
[BlackElo "1808"]
[PlyCount "75"]
[EventDate "2006.??.??"]
[EventType "swiss"]
[EventRounds "7"]
[EventCountry "GER"]

1. d4 Nf6 2. Bg5 Ne4 3. Bf4 g5 4. Bc1 g4 5. f3 gxf3 6. gxf3 Nf6 7. e4 d6 8. Be3
Nbd7 9. Nc3 h5 10. Qd2 e5 11. dxe5 Nxe5 12. h3 Be6 13. O-O-O Nc4 14. Bxc4 Bxc4
15. Nge2 a5 16. Bg5 Be7 17. Nd4 Nd5 18. Bxe7 Nxe7 19. f4 f6 20. Qf2 Qd7 21. a4
O-O-O 22. b3 Bf7 23. e5 fxe5 24. fxe5 Rhf8 25. Ndb5 Qf5 26. Qa7 Qf4+ 27. Kb2
Qxe5 28. Rhe1 Qc5 29. Qxc5 dxc5 30. Rxe7 Rxd1 31. Rxc7+ Kd8 32. Nxd1 Be6 33.
Rxc5 h4 34. Rc3 Rf1 35. Rd3+ Ke7 36. Nd4 Bxh3 37. Rxh3 Rxd1 38. Rxh4 1-0

[Event "HET"]
[Site "Hamburg"]
[Date "2006.08.20"]
[Round "3.13"]
[White "Christiansen, Peter"]
[Black "Ristic, Sreten"]
[Result "0-1"]
[WhiteElo "1773"]
[BlackElo "1930"]
[PlyCount "76"]
[EventDate "2006.??.??"]
[EventType "swiss"]
[EventRounds "7"]
[EventCountry "GER"]

1. e4 c5 2. d4 e6 3. c4 cxd4 4. Nf3 e5 5. Qa4 Nc6 6. Bd2 h6 7. Bd3 a6 8. b4 d6
9. Na3 Bd7 10. Qb3 Nf6 11. O-O g6 12. b5 Nb8 13. Rfc1 b6 14. bxa6 Nxa6 15. Nb5
Nc5 16. Qc2 g5 17. Bb4 Be7 18. Bxc5 bxc5 19. a4 O-O 20. Qd2 Ne8 21. Rcb1 g4 22.
Ne1 Bg5 23. Qe2 h5 24. Ra2 Qa5 25. Bc2 Ra6 26. Nd3 f5 27. Na3 Nf6 28. exf5 e4
29. Rb5 exd3 30. Bxd3 Qc3 31. Nc2 Bxb5 32. cxb5 Raa8 33. Ra3 Qb2 34. g3 d5 35.
Qe6+ Kh8 36. a5 c4 37. Bxc4 Qxc2 38. Bxd5 Qc1+ 0-1

[Event "HET"]
[Site "Hamburg"]
[Date "2006.08.20"]
[Round "3.14"]
[White "Opasiak, Dustin Tennessee"]
[Black "Raedisch, Peter"]
[Result "1/2-1/2"]
[WhiteElo "1669"]
[BlackElo "1920"]
[PlyCount "109"]
[EventDate "2006.??.??"]
[EventType "swiss"]
[EventRounds "7"]
[EventCountry "GER"]

1. e4 e5 2. Nf3 Nc6 3. d3 Bc5 4. g3 Nf6 5. Bg2 Ng4 6. O-O d6 7. c3 Bd7 8. Qb3
Bb6 9. Bg5 f6 10. Bd2 Qe7 11. a4 g5 12. h3 h5 13. h4 Be6 14. Qd1 gxh4 15. Nxh4
Qg7 16. Qf3 O-O-O 17. Bh3 Rdg8 18. b4 a5 19. b5 Ne7 20. Na3 Kb8 21. Nf5 Nxf5
22. exf5 Bf7 23. Bg2 d5 24. Nc4 e4 25. dxe4 dxc4 26. e5 c6 27. bxc6 Be8 28.
exf6 Ne5 29. fxg7 Nxf3+ 30. Bxf3 Rxg7 31. cxb7 Rxg3+ 32. Bg2 Rg4 33. Kh2 Rhg8
34. Bh3 Rh4 35. Be3 Bc6 36. Rg1 Bc7+ 37. f4 Rxg1 38. Rxg1 Bxf4+ 39. Bxf4+ Rxf4
40. Bg2 Bxg2 41. Rxg2 Rxf5 42. Rb2 Rg5 43. Rb6 Rc5 44. Kg2 Rc7 45. Rb5 Rxb7 46.
Rxa5 Rb3 47. Rxh5 Rxc3 48. Kf2 Kb7 49. Ke2 Rc2+ 50. Ke3 Ra2 51. a5 Kc6 52. Kd4
Ra4 53. Kc3 Kd6 54. a6 Kc6 55. Rh6+ 1/2-1/2

[Event "HET"]
[Site "Hamburg"]
[Date "2006.08.20"]
[Round "3.15"]
[White "Bohn, Christoph"]
[Black "Farzamfahr, Bahram"]
[Result "1-0"]
[WhiteElo "1916"]
[BlackElo "1658"]
[PlyCount "71"]
[EventDate "2006.??.??"]
[EventType "swiss"]
[EventRounds "7"]
[EventCountry "GER"]

1. Nf3 Nc6 2. d4 d5 3. g3 Nf6 4. Bg2 Bf5 5. a3 a5 6. O-O e6 7. Nh4 Bg6 8. Bg5
Be7 9. Nxg6 hxg6 10. Qd3 O-O 11. Nd2 e5 12. dxe5 Nxe5 13. Qd4 Nc6 14. Qh4 Nh5
15. Bxe7 Nxe7 16. Nf3 c6 17. Rad1 Qc7 18. Ng5 Nf5 19. Qh3 Nh6 20. e4 dxe4 21.
Bxe4 Qe5 22. Qh4 Rad8 23. Bd3 Rfe8 24. Rde1 Qxb2 25. Rb1 Qxa3 26. Rxb7 Qc3 27.
Nxf7 Rd4 28. Qg5 Rb4 29. Nxh6+ Kh8 30. Qxg6 Qxd3 31. Qxe8+ Kh7 32. cxd3 Rxb7
33. Nf7 Nf6 34. Qh8+ Kg6 35. Ne5+ Kf5 36. Qc8+ 1-0

[Event "HET"]
[Site "Hamburg"]
[Date "2006.08.20"]
[Round "3.16"]
[White "Pfeiffer, Daniel"]
[Black "Lochmann, Viktor"]
[Result "0-1"]
[WhiteElo "1644"]
[BlackElo "1910"]
[PlyCount "68"]
[EventDate "2006.??.??"]
[EventType "swiss"]
[EventRounds "7"]
[EventCountry "GER"]

1. e4 d6 2. d4 Nf6 3. Nc3 c5 4. dxc5 Qa5 5. Bd2 Qxc5 6. Be3 Qa5 7. f3 g6 8. Qd2
Bg7 9. O-O-O Nc6 10. Kb1 Be6 11. Nge2 Rc8 12. a3 b5 13. Nd4 Nxd4 14. Bxd4 b4
15. Na2 Bxa2+ 16. Kxa2 O-O 17. Bd3 Rb8 18. Kb1 e5 19. Be3 Qa4 20. axb4 Rxb4 21.
Qc3 Rfb8 22. Bc1 d5 23. b3 Rxb3+ 24. cxb3 Rxb3+ 25. Qxb3 Qxb3+ 26. Bb2 Bh6 27.
Bc2 Qb5 28. g3 d4 29. Rhf1 Nd7 30. f4 f6 31. Bd3 Qb4 32. fxe5 fxe5 33. g4 Nc5
34. Rc1 Bxc1 0-1

[Event "HET"]
[Site "Hamburg"]
[Date "2006.08.20"]
[Round "3.17"]
[White "Holzweissig, Hans Joachim"]
[Black "Schulz, Hugo"]
[Result "1-0"]
[WhiteElo "1881"]
[BlackElo "1644"]
[PlyCount "119"]
[EventDate "2006.??.??"]
[EventType "swiss"]
[EventRounds "7"]
[EventCountry "GER"]

1. Nc3 d5 2. e4 c6 3. Nf3 Bg4 4. h3 Bh5 5. exd5 cxd5 6. g4 Bg6 7. Bb5+ Nc6 8.
Ne5 Qd6 9. d4 a6 10. Bxc6+ bxc6 11. Be3 h6 12. Nxg6 Qxg6 13. Qd2 Nf6 14. O-O-O
Nd7 15. f4 Nb6 16. b3 Qd6 17. Rde1 e6 18. f5 Qa3+ 19. Kd1 Bb4 20. Qd3 Bxc3 21.
Qxc3 Kd7 22. fxe6+ fxe6 23. Bc1 Qd6 24. Re5 Rac8 25. Rhe1 Rhe8 26. Qa5 c5 27.
Ba3 Na8 28. Bxc5 Qc6 29. Qd2 Nc7 30. a4 Rb8 31. Rf1 Kc8 32. Rf7 Rg8 33. g5 Kb7
34. Qa5 Rbc8 35. Qb4+ Ka8 36. Qb6 Qxb6 37. Bxb6 Kb8 38. Bxc7+ Rxc7 39. Rxc7
Kxc7 40. Rxe6 a5 41. gxh6 gxh6 42. Rxh6 Rg3 43. Ra6 Rxh3 44. Rxa5 Kc6 45. Rc5+
Kd6 46. a5 Rh1+ 47. Kd2 Ra1 48. Kc3 Rd1 49. b4 Ra1 50. Kb2 Ra4 51. c3 Ke6 52.
Rc6+ Kf5 53. a6 Ke4 54. b5 Ra5 55. Rc5 Ra4 56. Kb3 Ra1 57. Kb4 Ra2 58. Rc7 Kd3
59. a7 Ra1 60. b6 1-0

[Event "HET"]
[Site "Hamburg"]
[Date "2006.08.20"]
[Round "3.18"]
[White "Oehlke, Jan-Philipp"]
[Black "Schroeder, Kai Uwe"]
[Result "1/2-1/2"]
[WhiteElo "1611"]
[BlackElo "1795"]
[PlyCount "31"]
[EventDate "2006.??.??"]
[EventType "swiss"]
[EventRounds "7"]
[EventCountry "GER"]

1. e4 e6 2. d4 d5 3. Nc3 Nf6 4. exd5 exd5 5. Nf3 Bd6 6. Be2 O-O 7. O-O c6 8.
Re1 Bg4 9. h3 Bh5 10. Bg5 Nbd7 11. Nh4 Bxe2 12. Rxe2 Qc7 13. Qd2 Rfe8 14. Rae1
Rxe2 15. Rxe2 Re8 16. Rxe8+ 1/2-1/2

[Event "HET"]
[Site "Hamburg"]
[Date "2006.08.20"]
[Round "3.19"]
[White "Ludwig, Jan"]
[Black "Schwirz, Horst"]
[Result "1-0"]
[WhiteElo "1762"]
[BlackElo "1529"]
[PlyCount "107"]
[EventDate "2006.??.??"]
[EventType "swiss"]
[EventRounds "7"]
[EventCountry "GER"]

1. e4 e5 2. d4 exd4 3. c3 d5 4. exd5 Qxd5 5. cxd4 Nf6 6. Nf3 Nc6 7. Nc3 Bb4 8.
Be2 O-O 9. O-O Qd8 10. Bg5 Re8 11. h3 Bf5 12. a3 Ba5 13. b4 Bb6 14. Bb5 Bd7 15.
Nd5 a6 16. Bxc6 Bxc6 17. Nxf6+ gxf6 18. Bh6 Be4 {(=)} 19. Qd2 Bxf3 20. gxf3
Qxd4 21. Qc1 Qh4 22. Kh2 Kh8 23. Rg1 Rg8 24. Be3 Bxe3 25. Qxe3 f5 26. Rg3 Rxg3
27. fxg3 Qf6 28. Rd1 b5 29. Kg2 Rg8 30. f4 Qc6+ 31. Kf2 Re8 32. Qd4+ Kg8 33.
Rd2 Qe6 34. Qd3 Qb6+ 35. Qd4 Qe6 36. Qd3 Qe1+ 37. Kg2 Qe6 38. Kf2 Qb6+ 39. Qd4
Rd8 40. Qxb6 Rxd2+ 41. Ke3 cxb6 42. Kxd2 h5 43. Kd3 Kf8 44. Kd4 f6 45. Kd5 a5
46. Kc6 axb4 47. axb4 Ke7 48. Kxb6 Kd6 49. Kxb5 Kc7 50. Kc5 Kb7 51. b5 Kc7 52.
b6+ Kb8 53. Kd6 Kb7 54. Ke6 1-0

[Event "HET"]
[Site "Hamburg"]
[Date "2006.08.20"]
[Round "3.20"]
[White "Gloe, Helmut"]
[Black "Graffenberger, Wilhelm"]
[Result "0-1"]
[WhiteElo "1233"]
[BlackElo "1732"]
[PlyCount "118"]
[EventDate "2006.??.??"]
[EventType "swiss"]
[EventRounds "7"]
[EventCountry "GER"]

1. d4 Nf6 2. e3 g6 3. Be2 Bg7 4. Nf3 d6 5. a3 O-O 6. O-O Nbd7 7. c4 c5 8. Nc3
cxd4 9. Nxd4 Nc5 10. b4 Nce4 11. Nxe4 Nxe4 12. Bb2 Bd7 13. Rc1 e5 14. Nf3 Be6
15. Qc2 Nf6 16. Rfd1 Qc7 17. h3 Bf5 18. Qd2 Rad8 19. Bd3 Bxd3 20. Qxd3 e4 21.
Qe2 exf3 22. Qxf3 Qe7 23. Rd3 Qe4 24. Qe2 Qf5 25. Rcd1 Ne4 26. Bxg7 Kxg7 27.
Qb2+ Qf6 28. Qxf6+ Kxf6 29. f3 Ng3 30. Kf2 Nf5 31. e4 Ng7 32. e5+ Ke6 33. exd6
Kd7 34. g4 f5 35. g5 Rfe8 36. c5 Re6 37. Re3 Rxe3 38. Kxe3 Ne6 39. f4 Kc6 40.
a4 b6 41. b5+ Kxc5 42. Rc1+ Kxd6 43. Rc6+ Kd5 44. Kf3 Nd4+ 45. Ke3 Nxc6 46.
bxc6 Kxc6 47. Kf3 Kc5 48. h4 Rd3+ 49. Ke2 Ra3 50. h5 Rxa4 51. Kf3 Re4 52. hxg6
hxg6 53. Kg3 b5 54. Kf3 b4 55. Kg3 b3 56. Kf3 b2 57. Kg3 b1=Q 58. Kg2 Qd3 59.
Kg1 Re2 0-1

[Event "HET"]
[Site "Hamburg"]
[Date "2006.08.20"]
[Round "3.22"]
[White "Cupina, Ibrahim"]
[Black "Grube, Bernd"]
[Result "1-0"]
[WhiteElo "1646"]
[BlackElo "1354"]
[PlyCount "101"]
[EventDate "2006.??.??"]
[EventType "swiss"]
[EventRounds "7"]
[EventCountry "GER"]

1. e4 d5 2. exd5 Qxd5 3. Nc3 Qa5 4. d4 Bf5 5. Nf3 c6 6. Be2 Nf6 7. O-O e6 8.
Bd2 Qc7 9. Re1 Nbd7 10. Bf1 Be7 11. g3 Nb6 12. Bg2 O-O-O 13. Qe2 Nfd5 14. Nxd5
Nxd5 15. c4 Nb4 16. Bxb4 Bxb4 17. Rec1 Be7 18. Re1 Bf6 19. Rad1 h6 20. b4 g5
21. b5 g4 22. Ne5 Bxe5 23. dxe5 c5 24. a4 b6 25. f4 Rd4 26. Rxd4 cxd4 27. Bc6
Qe7 28. a5 Qc5 29. axb6 d3+ 30. Qf2 Qxf2+ 31. Kxf2 axb6 32. Ke3 Rd8 33. Ra1 h5
34. Kd2 Bg6 35. Ra8+ Kc7 36. Rxd8 Kxd8 37. Bg2 Ke7 38. Bf1 f6 39. Bxd3 f5 40.
Kc3 Be8 41. Kb4 Kd7 42. c5 bxc5+ 43. Kxc5 Kc7 44. b6+ Kb7 45. Kd6 Bc6 46. Kxe6
Be4 47. Bc4 Kxb6 48. Bd5 Kc5 49. Ba2 Bd3 50. Kf6 Kc6 51. Bf7 1-0

[Event "HET"]
[Site "Hamburg"]
[Date "2006.08.20"]
[Round "3.23"]
[White "Kohlstädt, Jürgen"]
[Black "Meyer, Michael M"]
[Result "0-1"]
[WhiteElo "1568"]
[BlackElo "1541"]
[PlyCount "180"]
[EventDate "2006.??.??"]
[EventType "swiss"]
[EventRounds "7"]
[EventCountry "GER"]

1. d4 Nf6 2. Nf3 g6 3. c4 Bg7 4. Nc3 O-O 5. Bg5 d6 6. h3 c5 7. d5 a6 8. e3 Nbd7
9. Be2 Rb8 10. a4 Nb6 11. Rb1 Bf5 12. Bxf6 Bxf6 13. Bd3 Bxd3 14. Qxd3 Bxc3+ 15.
Qxc3 Nxa4 16. Qc2 Nb6 17. h4 Qd7 18. h5 Qg4 19. Nd2 Qxg2 20. Rh4 g5 21. Re4
Qh1+ 22. Ke2 Qxh5+ 23. Nf3 Qg6 24. Rg1 f6 25. Nh4 Qh5+ 26. f3 Kf7 27. Nf5 Qh2+
28. Kd3 Qxc2+ 29. Kxc2 Rbe8 30. Rh1 Rh8 31. Nh6+ Kg6 32. b3 Nd7 33. Ng4 h5 34.
Re6 Nf8 35. Nxf6 Nxe6 36. Nxe8 Rxe8 37. dxe6 Rf8 38. Rh3 Rf6 39. Kd3 Rxe6 40.
e4 Rf6 41. Ke3 Rf4 42. Rh2 Rf8 43. Rd2 Rf6 44. e5 Re6 45. f4 gxf4+ 46. Kxf4
Rxe5 47. Rg2+ Kf6 48. Rg8 Rf5+ 49. Ke4 Re5+ 50. Kf4 Re1 51. Rb8 h4 52. Rxb7 Rd1
53. Ra7 Rd3 54. Kg4 Rxb3 55. Kxh4 Rb4 56. Rxa6 Rxc4+ 57. Kg3 Ke5 58. Ra1 Rc3+
59. Kg4 d5 60. Re1+ Kd6 61. Kf4 Rc4+ 62. Kf5 Rc2 63. Re6+ Kd7 64. Ra6 Rf2+ 65.
Ke5 Re2+ 66. Kxd5 Rc2 67. Ra7+ Ke8 68. Ke6 Re2+ 69. Kd5 Kf7 70. Kxc5 Rd2 71.
Kc4 Kf6 72. Ra8 Kf5 73. Rf8+ Ke5 74. Re8 e6 75. Rf8 Ke4 76. Rf7 e5 77. Re7 Rc2+
78. Kb3 Rc8 79. Kb4 Kd4 80. Rd7+ Ke3 81. Kb3 e4 82. Re7 Kd3 83. Re6 e3 84. Rd6+
Ke2 85. Kb2 Ke1 86. Rd7 e2 87. Rf7 Rd8 88. Kc2 Rg8 89. Rf6 Rg2 90. Re6 Kf1 0-1

[Event "HET"]
[Site "Hamburg"]
[Date "2006.08.20"]
[Round "3.24"]
[White "Mania, Irmgard"]
[Black "Kaden, Ingmar"]
[Result "0-1"]
[WhiteElo "880"]
[BlackElo "1663"]
[PlyCount "60"]
[EventDate "2006.??.??"]
[EventType "swiss"]
[EventRounds "7"]
[EventCountry "GER"]

1. e4 e5 2. Nf3 Nc6 3. Bb5 a6 4. Bxc6 dxc6 5. Nc3 Bd6 6. d3 Bg4 7. Be3 Qd7 8.
h3 Bh5 9. g4 Bg6 10. Nh4 Ne7 11. Qd2 h5 12. f3 hxg4 13. fxg4 Rxh4 14. Bf2 Rh7
15. O-O-O O-O-O 16. Qe3 c5 17. Nd5 Nxd5 18. exd5 Qa4 19. Kb1 Qf4 20. Qxf4 exf4
21. Rdf1 b6 22. d4 cxd4 23. Bxd4 Be4 24. Rh2 Bxd5 25. g5 g6 26. Bf6 Re8 27. h4
f3 28. Rd2 Bc6 29. Rh1 f2 30. Rxf2 Bxh1 0-1

[Event "HET"]
[Site "Hamburg"]
[Date "2006.08.20"]
[Round "3.26"]
[White "Kock, Rudolf"]
[Black "Ramm, Helga"]
[Result "1-0"]
[WhiteElo "1417"]
[BlackElo "936"]
[PlyCount "75"]
[EventDate "2006.??.??"]
[EventType "swiss"]
[EventRounds "7"]
[EventCountry "GER"]

1. f4 e6 2. Nf3 Nc6 3. b3 d5 4. e3 g6 5. Bb2 Nf6 6. Bb5 Bd7 7. O-O Bg7 8. Bxc6
Bxc6 9. a4 O-O 10. Ne5 Be8 11. Ba3 Nh5 12. Bxf8 Kxf8 13. d4 f6 14. Nd3 b6 15.
g4 Ng3 16. hxg3 Kg8 17. c3 f5 18. Ra2 b5 19. a5 a6 20. b4 Bf7 21. Rh2 h6 22.
Nd2 g5 23. Nb3 Bg6 24. Ne5 Qe8 25. Qd3 Bxe5 26. dxe5 Qf8 27. gxf5 exf5 28.
Qxd5+ Bf7 29. e6 Kg7 30. fxg5 h5 31. Rxf5 Rd8 32. Qe5+ Kg6 33. Qf6+ Kh7 34.
Qxf7+ Qxf7 35. Rxf7+ Kg8 36. Rd2 Rd6 37. Rxd6 cxd6 38. g6 1-0

[Event "HET"]
[Site "Hamburg"]
[Date "2006.08.26"]
[Round "4.1"]
[White "Weiss, Siegfried"]
[Black "Reddmann, Hauke"]
[Result "1/2-1/2"]
[WhiteElo "2126"]
[BlackElo "2331"]
[PlyCount "102"]
[EventDate "2006.??.??"]
[EventType "swiss"]
[EventRounds "7"]
[EventCountry "GER"]

1. b3 e5 2. Bb2 Nc6 3. c4 Nf6 4. e3 Be7 5. Nc3 O-O 6. Nf3 Re8 7. d4 exd4 8.
Nxd4 d6 9. Be2 Ne5 10. O-O Bd7 11. Qd2 c6 12. Rad1 Qc7 13. f4 Ng6 14. e4 Bf8
15. Bd3 Rad8 16. Rde1 a6 17. Nd1 Bc8 18. Kh1 Nd7 19. Bc2 Nc5 20. b4 Nd7 21. Nf5
a5 22. a3 axb4 23. axb4 d5 24. cxd5 cxd5 25. e5 Nb6 26. Nd6 Bxd6 27. exd6 Qxd6
28. f5 Ne5 29. f6 Ng4 30. g3 Nc4 31. Qg5 g6 32. Bd4 Rxe1 33. Rxe1 Qxb4 34. Bc3
Qd6 35. Bd4 Bd7 36. Kg2 Qb4 37. Re7 Nd6 38. Rxd7 Rxd7 39. Qxg4 Qd2+ 40. Nf2 Rd8
41. Bb6 Re8 42. Ba4 Re6 43. Bd7 Rxf6 44. Qd4 Ne4 45. Qxd2 Nxd2 46. Bd4 Rd6 47.
Ng4 Ne4 48. Bc8 b5 49. Ne3 b4 50. Bb7 Nc3 51. Ng4 Ne4 1/2-1/2

[Event "HET"]
[Site "Hamburg"]
[Date "2006.08.26"]
[Round "4.2"]
[White "Foerster, Andreas"]
[Black "Kammer, Roland"]
[Result "1-0"]
[WhiteElo "2207"]
[BlackElo "2135"]
[PlyCount "129"]
[EventDate "2006.??.??"]
[EventType "swiss"]
[EventRounds "7"]
[EventCountry "GER"]

1. d4 d5 2. c4 dxc4 3. Nf3 Nf6 4. Nc3 a6 5. e4 b5 6. e5 Nd5 7. a4 e6 8. axb5
Nb6 9. Be2 Be7 10. Be3 Qd7 11. bxa6 Rxa6 12. Rc1 Ra8 13. Nd2 Ba6 14. Ra1 Qc6
15. Bf3 Nd5 16. Ra5 Bb7 17. Nxd5 Rxa5 18. Nf6+ gxf6 19. Bxc6+ Nxc6 20. exf6
Bxf6 21. Nxc4 Rd5 22. Qb3 Ba6 23. Qa4 Bb5 24. Qa2 O-O 25. b3 Nxd4 26. O-O Rfd8
27. Bxd4 Rxd4 28. h3 c6 29. Qc2 Rd3 30. Rb1 Bg7 31. Qe2 R8d5 32. Qa2 Rd8 33.
Qa5 R3d5 34. Qc7 R5d7 35. Qg3 Rd3 36. Qg4 R3d4 37. Qe2 R4d5 38. g3 Rd4 39. h4
R4d5 40. Rc1 Rd3 41. Qc2 R3d4 42. Re1 R4d5 43. Re4 Rd1+ 44. Kg2 R1d5 45. Re2
Rd4 46. Re1 R4d5 47. Qa2 Bc3 48. Re4 Bg7 49. Qa7 R5d7 50. Qa3 Rd5 51. Rg4 h5
52. Rg5 Rxg5 53. hxg5 Bf8 54. Qc1 Rd5 55. Qe3 Bc5 56. Qc1 Be7 57. f4 Rc5 58.
Qc2 Bxc4 59. bxc4 Kg7 60. Kh3 f6 61. Qe4 e5 62. gxf6+ Bxf6 63. f5 Be7 64. Qd3
Ra5 65. Qd7 1-0

[Event "HET"]
[Site "Hamburg"]
[Date "2006.08.26"]
[Round "4.3"]
[White "Jablonowski, Christoph"]
[Black "Moehrmann, Marcus"]
[Result "0-1"]
[WhiteElo "1965"]
[BlackElo "2053"]
[PlyCount "100"]
[EventDate "2006.??.??"]
[EventType "swiss"]
[EventRounds "7"]
[EventCountry "GER"]

1. d4 Nf6 2. c4 g6 3. Nc3 Bg7 4. e4 d6 5. f3 e5 6. d5 Nh5 7. Be3 f5 8. Qd2 Bf6
9. O-O-O f4 10. Bf2 Bh4 11. Bxh4 Qxh4 12. c5 O-O 13. cxd6 cxd6 14. Nb5 Ng3 15.
Qf2 Qh6 16. hxg3 Qxh1 17. gxf4 Nd7 18. Nxd6 Qh6 19. Kb1 Qxf4 20. Nh3 Qf6 21.
Nb5 Nb6 22. Qg3 Bd7 23. Nf2 Rac8 24. Ng4 Bxg4 25. Qxg4 a6 26. Na3 Rfd8 27. Bd3
Kg7 28. Rh1 Rc7 29. Qh3 Kf8 30. Qh6+ Qg7 31. Qe3 Qf6 32. Rf1 Ke8 33. b3 Qd6 34.
Nc2 Rdc8 35. g3 Nd7 36. f4 Nc5 37. fxe5 Qxe5 38. Qf3 Qg7 39. Bc4 b5 40. Be2
Nxb3 41. Qxb3 Rxc2 42. Bxb5+ axb5 43. Qxb5+ Ke7 44. d6+ Kxd6 45. Rd1+ Ke6 46.
Qd5+ Ke7 47. Qd7+ Kf8 48. Rf1+ Kg8 49. Qd5+ Kh8 50. e5 R2c5 0-1

[Event "HET"]
[Site "Hamburg"]
[Date "2006.08.26"]
[Round "4.4"]
[White "Soltau, Achim"]
[Black "Dumjahn, Carsten"]
[Result "0-1"]
[WhiteElo "1989"]
[BlackElo "1983"]
[PlyCount "36"]
[EventDate "2006.??.??"]
[EventType "swiss"]
[EventRounds "7"]
[EventCountry "GER"]

1. Nf3 d5 2. d4 c6 3. c4 dxc4 4. g3 Nf6 5. Bg2 g6 6. Ne5 Be6 7. Nc3 Nbd7 8.
Nxd7 Qxd7 9. O-O Bg7 10. e4 O-O 11. h3 Bxh3 12. d5 Bxg2 13. Kxg2 cxd5 14. exd5
Rfd8 15. Qf3 Nxd5 16. Rd1 e6 17. Bg5 f6 18. Be3 Qc6 0-1

[Event "HET"]
[Site "Hamburg"]
[Date "2006.08.26"]
[Round "4.5"]
[White "Schermer, Denis"]
[Black "Meier, David Geffrey"]
[Result "1/2-1/2"]
[WhiteElo "2121"]
[BlackElo "2182"]
[PlyCount "104"]
[EventDate "2006.??.??"]
[EventType "swiss"]
[EventRounds "7"]
[EventCountry "GER"]

1. d4 e5 2. dxe5 Nc6 3. Nf3 Qe7 4. e4 Nxe5 5. Be2 Nf6 6. Nc3 d6 7. Bg5 c6 8.
Qd4 Nxf3+ 9. gxf3 Qe5 10. Qd2 Qa5 11. O-O-O Be6 12. Kb1 O-O-O 13. Rhg1 Be7 14.
Nd5 Qxd2 15. Nxe7+ Kd7 16. Rxd2 Kxe7 17. f4 h6 18. Bh4 g5 19. fxg5 Nxe4 20.
gxh6+ f6 21. Rd4 d5 22. Rg7+ Kf8 23. Rxb7 Rxh6 24. Bg3 Nxg3 25. hxg3 Rh1+ 26.
Rd1 Rh2 27. Rxa7 Rxf2 28. Bd3 Bg4 29. Rh1 Rd7 30. Rxd7 Bxd7 31. Rf1 Rg2 32.
Rxf6+ Ke7 33. Rf1 Rxg3 34. b4 Kd6 35. Rf6+ Ke5 36. Rg6 Rh3 37. Kb2 Be6 38. Ba6
Rh4 39. a3 Rf4 40. Bb7 Rc4 41. Kb3 Bd7 42. Rg3 Kd6 43. Rc3 Kc7 44. Ba6 Rxc3+
45. Kxc3 Kb6 46. Bd3 c5 47. bxc5+ Kxc5 48. Bg6 Bc6 49. Kb3 Bd7 50. Bf7 Bf5 51.
a4 d4 52. Bh5 d3 1/2-1/2

[Event "HET"]
[Site "Hamburg"]
[Date "2006.08.26"]
[Round "4.6"]
[White "Fraas, Henning"]
[Black "Ristic, Sreten"]
[Result "1-0"]
[WhiteElo "2152"]
[BlackElo "1930"]
[PlyCount "89"]
[EventDate "2006.??.??"]
[EventType "swiss"]
[EventRounds "7"]
[EventCountry "GER"]

1. d4 d5 2. Bg5 b6 3. Nf3 Nd7 4. e3 a6 5. c4 c6 6. Nc3 f6 7. Bh4 e6 8. cxd5
exd5 9. Qb3 b5 10. Bd3 Bd6 11. Qc2 g6 12. e4 Ne7 13. Bg3 Nf8 14. O-O Ne6 15.
Rfe1 O-O 16. Qd2 b4 17. Na4 a5 18. Re2 Ra7 19. Rae1 dxe4 20. Rxe4 Ng7 21. Bc4+
Kh8 22. Bxd6 Qxd6 23. g4 Nd5 24. Qh6 Be6 25. Rxe6 Qf4 26. Qxf4 Nxf4 27. Rxc6 h5
28. Re4 g5 29. gxh5 Ngxh5 30. Nc5 g4 31. Nh4 f5 32. Re5 Nh3+ 33. Kf1 N5f4 34.
Nxf5 Rh7 35. Rf6 Rd8 36. Ne6 Rc8 37. Nd6 Nxe6 38. Rexe6 Rb8 39. Nf7+ Kg7 40.
Ne5 Rf8 41. Rg6+ Kh8 42. Rxg4 Nxf2 43. Ng6+ Kg7 44. Nxf8+ Nxg4 45. Nxh7 1-0

[Event "HET"]
[Site "Hamburg"]
[Date "2006.08.26"]
[Round "4.7"]
[White "Atri, Jamshid"]
[Black "Bohn, Christoph"]
[Result "0-1"]
[WhiteElo "2117"]
[BlackElo "1916"]
[PlyCount "54"]
[EventDate "2006.??.??"]
[EventType "swiss"]
[EventRounds "7"]
[EventCountry "GER"]

1. e4 d5 2. Nc3 dxe4 3. Nxe4 Bf5 4. Ng3 Bg6 5. h4 h6 6. Nf3 Nd7 7. d4 e6 8. h5
Bh7 9. Bd3 Bxd3 10. Qxd3 Ngf6 11. Bf4 Bd6 12. Ne2 Nb6 13. O-O-O Qd7 14. Ne5
Bxe5 15. Bxe5 O-O-O 16. Nc3 Nbd5 17. Rh3 Nxc3 18. Qxc3 Rhg8 19. Qa5 Kb8 20. Ra3
a6 21. Rb3 Qc6 22. Rc3 Rd5 23. Bxc7+ Ka7 24. Rxc6 Rxa5 25. Bb6+ Kb8 26. Rxe6
Rxa2 27. Rd6 Ra1+ 0-1

[Event "HET"]
[Site "Hamburg"]
[Date "2006.08.26"]
[Round "4.8"]
[White "Lochmann, Viktor"]
[Black "Ewaldt, Michael"]
[Result "0-1"]
[WhiteElo "1910"]
[BlackElo "2104"]
[PlyCount "66"]
[EventDate "2006.??.??"]
[EventType "swiss"]
[EventRounds "7"]
[EventCountry "GER"]

1. e4 c5 2. Nc3 e6 3. Bc4 a6 4. a4 Ne7 5. d3 Nbc6 6. f4 g6 7. Nf3 Bg7 8. e5 d5
9. exd6 Nf5 10. Ne4 Nxd6 11. O-O b6 12. c3 Bb7 13. Qe2 O-O 14. Neg5 Nxc4 15.
dxc4 Qe7 16. Ne5 Rad8 17. Nxc6 Bxc6 18. Be3 a5 19. Qc2 Qb7 20. b3 h6 21. Nf3
Be4 22. Qb2 Rd3 23. Bd2 Rfd8 24. Be1 Bxf3 25. gxf3 Rxf3 26. Bd2 Rfd3 27. Rf2 h5
28. Raf1 Rh3 29. Qc1 Rdd3 30. Rd1 Rdg3+ 31. Kf1 Qh1+ 32. Ke2 Qe4+ 33. Kf1 Qd3+
0-1

[Event "HET"]
[Site "Hamburg"]
[Date "2006.08.26"]
[Round "4.9"]
[White "Toparlak, Afsin"]
[Black "Graffenberger, Wilhelm"]
[Result "1-0"]
[WhiteElo "2074"]
[BlackElo "1732"]
[PlyCount "33"]
[EventDate "2006.??.??"]
[EventType "swiss"]
[EventRounds "7"]
[EventCountry "GER"]

1. e4 c5 2. d4 cxd4 3. c3 dxc3 4. Bc4 Nc6 5. Nf3 g6 6. Nxc3 Bg7 7. Bf4 e5 8.
Qd5 Qe7 9. Bg5 f6 10. Be3 Nb4 11. Qd2 d6 12. Nb5 d5 13. exd5 e4 14. d6 Qd7 15.
Qxb4 exf3 16. Nc7+ Kf8 17. Ne6+ 1-0

[Event "HET"]
[Site "Hamburg"]
[Date "2006.08.26"]
[Round "4.10"]
[White "Becker-Bertau, Friedrich"]
[Black "Sternberg, Lew"]
[Result "0-1"]
[WhiteElo "1814"]
[BlackElo "2072"]
[PlyCount "120"]
[EventDate "2006.??.??"]
[EventType "swiss"]
[EventRounds "7"]
[EventCountry "GER"]

1. d4 d5 2. Nf3 c5 3. dxc5 e6 4. c4 Bxc5 5. cxd5 exd5 6. e3 Nc6 7. Bb5 Nge7 8.
O-O Bg4 9. h3 Bh5 10. Nbd2 O-O 11. Nb3 Bb6 12. Bd2 Qd6 13. Bc3 Bc7 14. g3 Ng6
15. Bxc6 bxc6 16. Qd4 f6 17. Bb4 Qe6 18. g4 Ne5 19. Nh2 Rfb8 20. gxh5 Qxh3 21.
f4 Ng4 22. Nxg4 Qxg4+ 23. Kf2 Qh4+ 24. Ke2 Qxh5+ 25. Rf3 a5 26. Ba3 Re8 27. Nd2
Re6 28. Raf1 Bd8 29. Kd1 f5 30. Kc1 Rg6 31. Qe5 Bf6 32. Qc7 Re8 33. Kb1 Rg2 34.
Qxa5 Qh2 35. Kc2 d4 36. exd4 Rxd2+ 37. Qxd2 Re2 38. R3f2 Rxd2+ 39. Rxd2 Qg3 40.
Bc5 Qe3 41. a4 Bd8 42. b4 Bc7 43. Rdf2 Kf7 44. Kb2 Ke8 45. d5 Qe4 46. Rf3 Qxd5
47. Re3+ Kd7 48. Re7+ Kc8 49. Rfe1 Bd8 50. Re8 Kd7 51. Rxd8+ Kxd8 52. Re7 Qxc5
53. bxc5 Kxe7 54. Kc3 Kd7 55. Kd4 h5 56. a5 Kc7 57. a6 Kb8 58. Ke5 h4 59. Kd6
h3 60. Kxc6 h2 0-1